=LDR 00000nam 2200000 4500 =001 INLIS000000000041510 =005 20221108072213 =035 ##$$a 0010-061300000041510 =008 221108################g##########0#ind## =041 ##$$a ind =082 ##$$a 028.5 =090 ##$$a 028.5, Far t =100 ##$$a Farr, Michael =245 1#$$a Tintin : $b Astaganaga /$c Michael Farr, Alih bahasa: Donna Widjajanto, Editor: Dini Pandia =650 #4$$a Bacaan kanak-kanak =850 ##$$a NBPNMAT =020 ##$$a 978-979-22-5415-0 =084 ##$$a 028.5 FAR t =260 ##$$a Jakarta :$b Gramedia,$c 2007 =300 ##$$a 42 hlm : $b Ilus ; $c 21 cm =990 ##$$a 211024401 =990 ##$$a 21102400 =990 ##$$a 21102399